FLO discographie - Statistiques

Statistiques générales
  • Ce quiz a été pris 5 fois
  • Le résultat moyen est 26 sur 40
Statistiques - réponses
Title % Correct
AAA
100%
Fly Girl
100%
In My Bag
100%
Intro
100%
Losing you
100%
Not My Job
100%
Shoulda Woulda Coulda
100%
3 of Us
75%
8
75%
Another Guy - Acoustic
75%
Cardboard Box
75%
Check
75%
Conceited
75%
Crash Out
75%
Feature Me
75%
How Does It Feel
75%
I'm Just A Girl
75%
Immature
75%
IWH2BMX
75%
Leak It
75%
Recently Deleted
75%
Soft
75%
Summertime
75%
talk you through it
75%
Walk Like This
75%
Bending My Rules
50%
Caugh Up
50%
Get It Till I'm Gone
50%
Hide & Seek
50%
Nocturnal
50%
On & On
50%
The Mood
50%
Trustworthy (interlude)
50%
act xvi: twentyfoe7
25%
Change
25%
Control Freak
25%
Do Too Much
25%
Mamacitas
25%
Say Less
25%
Suite Life
25%
Aucun quiz correspondant
Distribution des résultats
% des personnes avec chaque résultat
Percentile par nombre de réponses
Votre historique - résultats
Vous n’avez pas pris ce quiz